Welcome to the Holygrace Academy Library

Please use search bar below to get started

CHACHA CHOUDHARY( 2) (Record no. 8785)

MARC details
000 -LEADER
fixed length control field 00246nam a22001097a 4500
082 ## - DEWEY DECIMAL CLASSIFICATION NUMBER
Classification number 823
Item number PRA/C
100 ## - MAIN ENTRY--AUTHOR NAME
Personal name PRAN
245 ## - TITLE STATEMENT
Title CHACHA CHOUDHARY( 2)
246 ## - VARYING FORM OF TITLE
Title proper/short title CHACHA CHOUDHARY( 2)
Remainder of title CHACHA CHOUDHARY( 2)
650 ## - SUBJECT ADDED ENTRY--TOPICAL TERM
Topical Term ENGLISH STORY
942 ## - ADDED ENTRY ELEMENTS (KOHA)
Koha item type Books
Holdings
Withdrawn status Lost status Collection code Home library Current library Date acquired Source of acquisition Cost, normal purchase price Full call number Accession Number Koha item type
  Lost Fiction Main Library Main Library 07/03/2002 PURCHASED 25.00 823 PRA/C 00547 Books